000 00720cam a2200229 a 4500
001 549230
005 20180214034002.0
008 880913s1989 nyua b 001 0 eng
010 _a 88028578
020 _a0275932133 (alk. paper) :
_c$38.95 (est.)
040 _aDLC
_cDLC
_dDLC
_dOCoLC
041 _aeng
043 _acc-----
080 _a338.9729 WOR
082 0 0 _a338.9729 WOR
_219
100 _a52
101 _aEKO
245 0 0 _aEconomic adjustment policies for small nations :
_cedited by DeLisle Worrell and Compton Bourne.
504 _aBibliography: p. [163]-174.
906 _a7
_bcbc
_corignew
_d1
_eocip
_f19
_gy-gencatlg
942 _2ddc
_cBK
999 _c42457
_d42457